[Event "CAN-ch"]
[Site "Toronto CAN"]
[Date "2004.08.20"]
[Round "1.7"]
[White "Quan Zhe"]
[Black "Patterson, Roger"]
[Result "1-0"]
[WhiteElo "2420"]
[BlackElo "2195"]
[PlyCount "107"]
[GameId "2160767911077828"]
[EventDate "2004.08.20"]
[EventType "swiss"]
[EventRounds "11"]
[EventCountry "CAN"]

1. d4 Nf6 2. c4 e6 3. Nc3 Bb4 4. Qc2 O-O 5. a3 Bxc3+ 6. Qxc3 b6 7. Bg5 Bb7 8. e3 d6 9. f3 c5 10. dxc5 bxc5 11. Bd3 Nbd7 12. Ne2 Qb6 13. O-O d5 14. Rfd1 Rfe8 15. Bh4 e5 16. cxd5 Nxd5 17. Qc1 Rac8 18. Bc4 N7f6 19. e4 Ne7 20. Qc3 Ng6 21. Bf2 Red8 22. Rxd8+ Qxd8 23. Qb3 Qc7 24. Rd1 Bc6 25. Rd2 Be8 26. Qc3 Rb8 27. Bd3 Rc8 28. Ba6 Rd8 29. Rxd8 Qxd8 30. Bxc5 Qd1+ 31. Kf2 Qh1 32. Qe1 Qxh2 33. Qg1 Qh6 34. Bxa7 Nf4 35. Bc4 N6h5 36. Be3 Qc6 37. b3 Qd6 38. Qc1 Qf6 39. g3 Nxg3 40. Nxg3 Qh4 41. Bxf4 exf4 42. Qg1 h5 43. a4 Bd7 44. a5 fxg3+ 45. Qxg3 Qe7 46. a6 h4 47. Qb8+ Kh7 48. a7 Qg5 49. a8=Q Qd2+ 50. Be2 Qd4+ 51. Ke1 h3 52. Qa5 f5 53. Qae5 Qg1+ 54. Kd2 1-0

[Event "CAN-ch"]
[Site "Toronto CAN"]
[Date "2004.08.20"]
[Round "1.9"]
[White "Krnan, Tomas"]
[Black "Southam, David"]
[Result "1-0"]
[WhiteElo "2409"]
[BlackElo "2129"]
[PlyCount "61"]
[GameId "2160767911077829"]
[EventDate "2004.08.20"]
[EventType "swiss"]
[EventRounds "11"]
[EventCountry "CAN"]

1. e4 e6 2. d4 d5 3. Nc3 Bb4 4. exd5 exd5 5. Bd3 Nc6 6. Nge2 Bg4 7. f3 Bh5 8. O-O Bg6 9. a3 Bxc3 10. Nxc3 Bxd3 11. Qxd3 Nge7 12. Bg5 O-O 13. Rae1 Qd7 14. Qb5 f6 15. Bf4 Rab8 16. Na4 a6 17. Qd3 b6 18. Nc3 a5 19. Nb5 Rbc8 20. h4 Nd8 21. Rf2 Nb7 22. Rfe2 Ng6 23. Bg3 Rf7 24. h5 Nf8 25. Qb3 Qf5 26. Re7 Qxh5 27. Nxc7 Rxe7 28. Rxe7 Ng6 29. Nxd5 a4 30. Nxf6+ Kh8 31. Qe6 1-0

[Event "CAN-ch"]
[Site "Toronto CAN"]
[Date "2004.08.20"]
[Round "1.11"]
[White "Sasata, Robert"]
[Black "Ng, Gary"]
[Result "1-0"]
[WhiteElo "2355"]
[BlackElo "2180"]
[PlyCount "143"]
[GameId "2160767911077831"]
[EventDate "2004.08.20"]
[EventType "swiss"]
[EventRounds "11"]
[EventCountry "CAN"]

1. Nf3 Nf6 2. b3 d5 3. Bb2 c5 4. e3 Bg4 5. h3 Bh5 6. Bb5+ Nbd7 7. g4 Bg6 8. g5 Ne4 9. Ne5 Bf5 10. Qf3 Nd6 11. Qxd5 a6 12. Bxd7+ Bxd7 13. d3 e6 14. Qg2 Rb8 15. Nd2 Nf5 16. a4 Qc7 17. a5 Bd6 18. Ndc4 Bb5 19. h4 Rg8 20. h5 Bxc4 21. Nxc4 Ne7 22. Qe4 Nf5 23. Rh3 Rc8 24. Kd2 Qc6 25. Qg4 Ne7 26. e4 Rd8 27. Rf3 Bc7 28. Bc3 f5 29. gxf6 gxf6 30. Qh3 Qxe4 31. Re1 Qg4 32. Qxg4 Rxg4 33. Rxe6 Kd7 34. Rxe7+ Kxe7 35. Bxf6+ Ke6 36. Bxd8 Bxd8 37. Re3+ Kf6 38. Re8 Bc7 39. Ke3 Rg7 40. f4 Kf5 41. Rf8+ Kg4 42. Ne5+ Kxh5 43. Kf3 Bxa5 44. Rf5+ Kh4 45. Rf6 Kh5 46. Nf7 Rg6 47. Rf5+ Kh4 48. Rxc5 Bb6 49. Rc4 Rg3+ 50. Ke4 h5 51. d4 Kh3 52. Rb4 Ba5 53. Rxb7 h4 54. b4 Kg2 55. bxa5 h3 56. Ng5 h2 57. Rh7 Ra3 58. d5 Ra4+ 59. Ke5 Rxa5 60. c4 Rc5 61. Kd4 Rc7 62. Rh6 a5 63. d6 Ra7 64. Ne4 a4 65. Nc3 a3 66. Na2 Rb7 67. Kc3 Rf7 68. c5 Rf5 69. d7 Rxc5+ 70. Kd4 Rc2 71. Kd3 Rc6 72. Rxh2+ 1-0

[Event "CAN-ch"]
[Site "Toronto CAN"]
[Date "2004.08.20"]
[Round "1.15"]
[White "MacPhail, John"]
[Black "Thavandiran, Shiyam"]
[Result "0-1"]
[WhiteElo "2333"]
[BlackElo "2253"]
[PlyCount "54"]
[GameId "2160767911077834"]
[EventDate "2004.08.20"]
[EventType "swiss"]
[EventRounds "11"]
[EventCountry "CAN"]

1. e4 e6 2. d4 d5 3. Nc3 Bb4 4. e5 Ne7 5. a3 Bxc3+ 6. bxc3 c5 7. Qg4 O-O 8. Bd3 Qa5 9. Bd2 Nbc6 10. Qh5 h6 11. Nh3 c4 12. Bf1 f6 13. f4 Bd7 14. Qd1 fxe5 15. fxe5 Be8 16. Be2 Bg6 17. Bf3 Qa4 18. Ra2 Bf5 19. Nf4 Ng6 20. Nh5 Rf7 21. h4 Raf8 22. Ng3 Nge7 23. Bh5 Bg6 24. Bxg6 Nxg6 25. Qg4 Qb5 26. Ra1 Qb2 27. Rc1 Nf4 0-1

[Event "CAN-ch"]
[Site "Toronto CAN"]
[Date "2004.08.20"]
[Round "1.17"]
[White "Milicevic, Goran"]
[Black "Meng, Ang"]
[Result "1-0"]
[WhiteElo "2328"]
[BlackElo "2159"]
[PlyCount "47"]
[GameId "2160767911077836"]
[EventDate "2004.08.20"]
[EventType "swiss"]
[EventRounds "11"]
[EventCountry "CAN"]

1. d4 c5 2. d5 e6 3. Nc3 Bd6 4. e4 Bc7 5. Nf3 a6 6. Bg5 f6 7. Be3 Qe7 8. dxe6 dxe6 9. e5 f5 10. Be2 Nc6 11. Bf4 h6 12. h4 g6 13. Qd2 Bd7 14. a3 O-O-O 15. O-O-O Rh7 16. Qe3 Rg7 17. Rd6 Nd4 18. Nxd4 g5 19. Nxf5 exf5 20. Nd5 Qf8 21. Nxc7 Kxc7 22. Qxc5+ Bc6 23. Rxc6+ bxc6 24. Qa7+ 1-0

[Event "CAN-ch"]
[Site "Toronto CAN"]
[Date "2004.08.20"]
[Round "1.18"]
[White "Moskvitch, Andrei"]
[Black "Divljan, Igor"]
[Result "1-0"]
[WhiteElo "2142"]
[BlackElo "2344"]
[PlyCount "109"]
[GameId "2160767911077837"]
[EventDate "2004.08.20"]
[EventType "swiss"]
[EventRounds "11"]
[EventCountry "CAN"]

1. e4 c5 2. Nf3 e6 3. d4 cxd4 4. Nxd4 Nc6 5. Nb5 d6 6. c4 Nf6 7. N1c3 a6 8. Na3 b6 9. Be2 Bb7 10. O-O Ne5 11. f3 Ned7 12. Be3 Be7 13. Rc1 Rc8 14. Kh1 Qc7 15. Qd2 Qb8 16. Rfd1 O-O 17. Bg1 Kh8 18. Bf1 Rg8 19. Nc2 g5 20. h3 Rg6 21. Bh2 Ne5 22. Ne3 h5 23. b4 Bd8 24. c5 dxc5 25. bxc5 bxc5 26. Na4 Nfd7 27. Qxd7 Nxd7 28. Bxb8 Nxb8 29. Nxc5 Bb6 30. Nxb7 Rxc1 31. Rxc1 Bxe3 32. Rc8+ Rg8 33. Nd8 Bf4 34. Nxf7+ Kg7 35. Rxg8+ Kxg8 36. Nd8 e5 37. Bc4+ Kh7 38. Ne6 h4 39. Nc7 a5 40. Bb5 Kg7 41. Kg1 Kf7 42. Kf1 Ke7 43. Ke2 Kd6 44. Nd5 Kc5 45. a4 Kd4 46. Nb6 Kc5 47. Nc4 Nc6 48. Kd3 Nb4+ 49. Kc3 Na2+ 50. Kb2 Nc1 51. Nxa5 Bd2 52. Nb7+ Kd4 53. a5 Nd3+ 54. Bxd3 Kxd3 55. Nc5+ 1-0

[Event "CAN-ch"]
[Site "Toronto CAN"]
[Date "2004.08.20"]
[Round "1.19"]
[White "Tipu, Vincent"]
[Black "St Amand, Paul Jr"]
[Result "1-0"]
[WhiteElo "2307"]
[BlackElo "2139"]
[PlyCount "47"]
[GameId "2160767911077838"]
[EventDate "2004.08.20"]
[EventType "swiss"]
[EventRounds "11"]
[EventCountry "CAN"]

1. e4 c5 2. d4 cxd4 3. Nf3 d6 4. Nxd4 Nf6 5. Nc3 a6 6. Bg5 e6 7. f4 Be7 8. Qf3 Qc7 9. O-O-O Nbd7 10. Be2 O-O 11. g4 b5 12. Bxf6 Bxf6 13. g5 Bxd4 14. Rxd4 Bb7 15. Rhd1 Nc5 16. b4 e5 17. Rxd6 Ne6 18. Rd7 Qc8 19. fxe5 Nxg5 20. Qe3 Ne6 21. Bg4 Bc6 22. Re7 Re8 23. Bxe6 fxe6 24. Rxg7+ 1-0

[Event "CAN-ch"]
[Site "Toronto CAN"]
[Date "2004.08.20"]
[Round "1.20"]
[White "Aspler, Gerald"]
[Black "Stevens, Christian"]
[Result "0-1"]
[WhiteElo "2138"]
[BlackElo "2320"]
[PlyCount "74"]
[GameId "2160767911077839"]
[EventDate "2004.08.20"]
[EventType "swiss"]
[EventRounds "11"]
[EventCountry "CAN"]

1. d4 Nf6 2. Nf3 e6 3. Bf4 b6 4. e3 Be7 5. Bd3 Nh5 6. Be5 d6 7. Bg3 Bb7 8. Nbd2 g6 9. Qe2 a6 10. e4 c5 11. c3 O-O 12. O-O Re8 13. e5 cxd4 14. exd6 Nxg3 15. hxg3 Bxd6 16. Nxd4 e5 17. Rfe1 Nd7 18. Nc2 Nc5 19. Ne4 Nxd3 20. Qxd3 Bc7 21. Qe3 f5 22. Rad1 Qe7 23. Ng5 Rad8 24. Qe2 b5 25. Nf3 e4 26. Nfd4 h5 27. Qe3 Kg7 28. Nb4 Qf6 29. Ne2 Bb6 30. Nd4 Rh8 31. Qf4 g5 32. Qc1 Kg6 33. Nbc2 h4 34. f4 hxg3 35. fxg5 Rh1+ 36. Kxh1 Qh8+ 37. Kg1 Qh2+ 0-1

[Event "CAN-ch"]
[Site "Toronto CAN"]
[Date "2004.08.20"]
[Round "1.21"]
[White "Noritsyn, Nikolay"]
[Black "MacDonald, Jonathan"]
[Result "1-0"]
[WhiteElo "2323"]
[BlackElo "2125"]
[PlyCount "55"]
[GameId "2160767911077840"]
[EventDate "2004.08.20"]
[EventType "swiss"]
[EventRounds "11"]
[EventCountry "CAN"]

1. e4 e5 2. Nf3 Nc6 3. Bb5 Nf6 4. Nc3 d6 5. d4 Bd7 6. O-O exd4 7. Nxd4 Be7 8. Re1 Nxd4 9. Qxd4 O-O 10. Bg5 Bxb5 11. Nxb5 a6 12. Nc3 h6 13. Bh4 Nd5 14. Bxe7 Nxe7 15. Rad1 Ng6 16. Nd5 Qg5 17. g3 c6 18. f4 Qg4 19. Ne3 Qf3 20. Rf1 Qe2 21. Rf2 Qb5 22. Nf5 f6 23. Nxd6 Qa5 24. Nxb7 Qxa2 25. b3 Qa3 26. Qc5 Qb2 27. Rff1 f5 28. e5 1-0

[Event "CAN-ch"]
[Site "Toronto CAN"]
[Date "2004.08.20"]
[Round "1.22"]
[White "Nezirovic, Ozren"]
[Black "Lawson, Eric"]
[Result "1/2-1/2"]
[WhiteElo "2122"]
[BlackElo "2336"]
[PlyCount "89"]
[GameId "2160767911077841"]
[EventDate "2004.08.20"]
[EventType "swiss"]
[EventRounds "11"]
[EventCountry "CAN"]

1. e4 c5 2. Nf3 Nc6 3. d4 cxd4 4. Nxd4 e5 5. Nb5 d6 6. c4 Be7 7. N1c3 a6 8. Na3 f5 9. exf5 Bxf5 10. Nc2 Nf6 11. Ne3 Bg6 12. Ned5 O-O 13. Bd3 Nxd5 14. Nxd5 e4 15. Be2 Bg5 16. O-O Bxc1 17. Rxc1 Ne5 18. Qd4 Nf3+ 19. Bxf3 exf3 20. g3 Qd7 21. Qh4 Rae8 22. Rfe1 Re5 23. Ne7+ Kf7 24. Rxe5 dxe5 25. Nxg6 Kxg6 26. Qe4+ Qf5 27. Qxf5+ Kxf5 28. b4 Rd8 29. a4 Rd2 30. b5 axb5 31. axb5 b6 32. h3 h5 33. c5 bxc5 34. Rxc5 g5 35. Rc3 g4 36. hxg4+ Kxg4 37. Rc4+ Kf5 38. Rb4 e4 39. b6 Rd1+ 40. Kh2 e3 41. Rf4+ Kg5 42. fxe3 Rb1 43. Rxf3 Rxb6 44. Kh3 Rb3 45. Rf8 1/2-1/2

[Event "CAN-ch"]
[Site "Toronto CAN"]
[Date "2004.08.20"]
[Round "1.23"]
[White "Bailey, Doug"]
[Black "Bogle, Bill"]
[Result "1/2-1/2"]
[WhiteElo "2290"]
[BlackElo "2118"]
[PlyCount "50"]
[GameId "2160767911077842"]
[EventDate "2004.08.20"]
[EventType "swiss"]
[EventRounds "11"]
[EventCountry "CAN"]

1. e4 c5 2. Nf3 e6 3. d4 cxd4 4. Nxd4 a6 5. Be3 b5 6. Bd3 Bb7 7. Nd2 Nc6 8. O-O Nf6 9. Qe2 Qc7 10. a4 Bd6 11. h3 Nxd4 12. Bxd4 e5 13. Be3 O-O 14. Bg5 Be7 15. f4 exf4 16. Bxf4 Bd6 17. Bxd6 Qxd6 18. e5 Qd4+ 19. Rf2 Rfe8 20. Re1 d6 21. Qe3 Qxe3 22. Rxe3 bxa4 23. Rg3 Nh5 24. Rg4 Rxe5 25. Nc4 Re6 1/2-1/2

[Event "CAN-ch"]
[Site "Toronto CAN"]
[Date "2004.08.20"]
[Round "1.26"]
[White "Lipnowski, Samuel"]
[Black "Gardner, Robert"]
[Result "1/2-1/2"]
[WhiteElo "2078"]
[BlackElo "2249"]
[PlyCount "123"]
[GameId "2160767911077844"]
[EventDate "2004.08.20"]
[EventType "swiss"]
[EventRounds "11"]
[EventCountry "CAN"]

1. c4 d6 2. d4 e5 3. Nf3 e4 4. Nfd2 f5 5. Nc3 Nf6 6. g3 Be7 7. Bg2 c6 8. d5 cxd5 9. cxd5 O-O 10. O-O Na6 11. Nc4 Nc7 12. Qb3 b6 13. Bg5 Kh8 14. f3 exf3 15. Bxf3 Ba6 16. Ne3 h6 17. Bxf6 Bxf6 18. Rad1 Qd7 19. Bh5 Bg5 20. Ng2 Kh7 21. Nf4 Bxf4 22. Rxf4 g6 23. Bf3 Rae8 24. Qc2 Bb7 25. e4 fxe4 26. Bxe4 Qg7 27. Rdf1 Rxf4 28. Rxf4 Rg8 29. Qf2 Qe5 30. Qd2 Ne8 31. Qf2 Nc7 32. Rf7+ Rg7 33. Qf6 Qxf6 34. Rxf6 Na6 35. Rxd6 Nc5 36. Bc2 Bc8 37. b4 Nd7 38. Re6 Nf8 39. Re8 Rc7 40. Rxf8 Rxc3 41. Rf7+ Kg8 42. Bxg6 Bh3 43. Rxa7 Rf3 44. Rf7 Rxf7 45. Bxf7+ Kxf7 46. a4 Ke7 47. a5 b5 48. a6 Bc8 49. a7 Bb7 50. Kf2 Kd6 51. Ke3 Kxd5 52. Kd3 h5 53. h3 Kc6 54. g4 hxg4 55. hxg4 Kb6 56. Kd4 Kxa7 57. g5 Bf3 58. Kc5 Ka6 59. g6 Bh5 60. g7 Bf7 61. Kc6 Bg8 62. Kc5 1/2-1/2

[Event "CAN-ch"]
[Site "Toronto CAN"]
[Date "2004.08.20"]
[Round "1.30"]
[White "Boik, Andrew"]
[Black "Voskanyan, Vahagn"]
[Result "0-1"]
[WhiteElo "2058"]
[BlackElo "2264"]
[PlyCount "120"]
[GameId "2160767911077845"]
[EventDate "2004.08.20"]
[EventType "swiss"]
[EventRounds "11"]
[EventCountry "CAN"]

1. e4 c6 2. d4 d5 3. Nc3 dxe4 4. Nxe4 Nf6 5. Nxf6+ exf6 6. Bc4 Bd6 7. Ne2 Bg4 8. Be3 Qc7 9. Qd2 Nd7 10. Nf4 O-O 11. h3 Bf5 12. O-O-O Rfe8 13. Bd3 Be4 14. Bxe4 Rxe4 15. Ne2 Nb6 16. Nc3 Ree8 17. Rhe1 Nc4 18. Qd3 b5 19. d5 Nxe3 20. fxe3 b4 21. Ne4 cxd5 22. Nxd6 Qxd6 23. Qxd5 Qb6 24. Qd4 Qa5 25. Qd5 Qc7 26. Qd6 Qc4 27. Qd5 Qh4 28. Re2 a5 29. Rd4 Qg3 30. Rg4 Qc7 31. Rc4 Qe7 32. e4 Red8 33. Qc5 Qd7 34. Qg1 h6 35. Qe1 Qe6 36. b3 Qe5 37. Kb1 Rdc8 38. Rxc8+ Rxc8 39. Rd2 Re8 40. Qh4 Qxe4 41. Qxe4 Rxe4 42. Kb2 Kf8 43. a3 Ke7 44. axb4 axb4 45. c3 f5 46. cxb4 Rxb4 47. Kc3 Rb7 48. b4 Rc7+ 49. Kb3 Rd7 50. Rc2 Kd8 51. b5 Rc7 52. Rxc7 Kxc7 53. Kc4 f4 54. h4 g5 55. hxg5 hxg5 56. Kd5 Kb6 57. Ke5 Kxb5 58. Kf5 f6 59. Kg4 Kc5 60. g3 fxg3 0-1

[Event "CAN-ch"]
[Site "Toronto CAN"]
[Date "2004.08.20"]
[Round "1.31"]
[White "Filipovich, David"]
[Black "Belzberg, Sid"]
[Result "1-0"]
[WhiteElo "2258"]
[BlackElo "2039"]
[PlyCount "81"]
[GameId "2160767911077846"]
[EventDate "2004.08.20"]
[EventType "swiss"]
[EventRounds "11"]
[EventCountry "CAN"]

1. Nf3 c5 2. g3 g6 3. Bg2 Bg7 4. c4 Nc6 5. Nc3 e5 6. d3 Nge7 7. O-O d6 8. Rb1 O-O 9. Ne1 Be6 10. Nd5 Qd7 11. a3 Bh3 12. b4 Bxg2 13. Nxg2 Nxd5 14. cxd5 Ne7 15. e4 Rac8 16. Qb3 b6 17. Bd2 f5 18. bxc5 bxc5 19. f3 Kh8 20. Qb7 Rc7 21. Qa6 Nc8 22. a4 Nb6 23. a5 Nc8 24. Rb8 Ne7 25. Rfb1 Rxb8 26. Rxb8+ Rc8 27. Qb7 Qd8 28. Rxc8 Nxc8 29. Ne3 Bh6 30. Nxf5 Bf8 31. Nh6 Qe8 32. Nf7+ Kg8 33. Ng5 Be7 34. Ne6 Kf7 35. Bg5 Qa4 36. Bxe7 Qd1+ 37. Kg2 Qe2+ 38. Kh3 Qf1+ 39. Kh4 Nxe7 40. Qb8 g5+ 41. Nxg5+ 1-0

[Event "CAN-ch"]
[Site "Toronto CAN"]
[Date "2004.08.20"]
[Round "1.32"]
[White "Smith, Hazel"]
[Black "Kret, Ted"]
[Result "1/2-1/2"]
[WhiteElo "2016"]
[BlackElo "2236"]
[PlyCount "154"]
[GameId "2160767911077847"]
[EventDate "2004.08.20"]
[EventType "swiss"]
[EventRounds "11"]
[EventCountry "CAN"]

1. e4 e6 2. d4 d5 3. Nd2 Nf6 4. e5 Nfd7 5. Bd3 c5 6. c3 Nc6 7. Ne2 cxd4 8. cxd4 f6 9. exf6 Nxf6 10. Nf3 Bd6 11. O-O Qc7 12. h3 O-O 13. Bg5 a6 14. Rc1 Bd7 15. Qc2 Be8 16. a3 Kh8 17. Rfe1 Bh5 18. Nd2 Bxe2 19. Bxe2 Qb6 20. Nf3 Nxd4 21. Nxd4 Qxd4 22. Bd3 h6 23. Rxe6 hxg5 24. Rxd6 Rae8 25. Bg6 Ne4 26. Bxe4 Rxe4 27. Rd1 Qe5 28. R6xd5 Re1+ 29. Rxe1 Qxe1+ 30. Kh2 Qxf2 31. Qxf2 Rxf2 32. b4 Ra2 33. Rd3 Kh7 34. Kg3 Kg6 35. Kf3 Kf5 36. Rd5+ Kf6 37. Ra5 Rb2 38. g3 Kg6 39. Kg4 Rb3 40. Rxg5+ Kh6 41. Ra5 Kg6 42. h4 Kh6 43. Kf4 Rc3 44. h5 Rc4+ 45. Kf3 Rc3+ 46. Kg4 Rc4+ 47. Kh3 Rc3 48. Kh4 g6 49. hxg6 Kxg6 50. Rg5+ Kh6 51. a4 Rb3 52. Rg4 Rb1 53. Rf4 Kg6 54. a5 Rb2 55. Kg4 Rb3 56. Re4 Kf6 57. Kf4 Rb1 58. g4 Rf1+ 59. Ke3 Rd1 60. Rd4 Rc1 61. Kd3 Ke5 62. Rc4 Rd1+ 63. Ke3 Rb1 64. Kf3 Rb3+ 65. Ke2 Kd5 66. Rf4 Ke5 67. Rf5+ Ke6 68. b5 axb5 69. Kf2 b4 70. Rb5 Ra3 71. Rxb4 Rxa5 72. Rxb7 Ra3 73. Rb5 Kf6 74. Rf5+ Kg6 75. Kg2 Rb3 76. Rc5 Ra3 77. Kf2 Rb3 1/2-1/2

[Event "CAN-ch"]
[Site "Toronto CAN"]
[Date "2004.08.20"]
[Round "1.33"]
[White "Barron, Michael"]
[Black "Davies, Noam"]
[Result "1-0"]
[WhiteElo "2257"]
[BlackElo "1953"]
[PlyCount "47"]
[GameId "2160767911077848"]
[EventDate "2004.08.20"]
[EventType "swiss"]
[EventRounds "11"]
[EventCountry "CAN"]

1. e4 c5 2. Nf3 e6 3. d4 cxd4 4. Nxd4 a6 5. c4 Nf6 6. Bd3 Nc6 7. Be3 Bb4+ 8. Nc3 d5 9. cxd5 exd5 10. Nxc6 bxc6 11. Qa4 Bxc3+ 12. bxc3 Bd7 13. e5 Ng4 14. e6 Bxe6 15. Qxc6+ Bd7 16. Qxd5 O-O 17. Rd1 Nf6 18. Qd4 Qa5 19. O-O Bg4 20. f3 Rfd8 21. Qb4 Qxb4 22. cxb4 Nd5 23. Bg5 f6 24. fxg4 1-0

[Event "CAN-ch"]
[Site "Toronto CAN"]
[Date "2004.08.20"]
[Round "1.34"]
[White "Cleto, Sam"]
[Black "Predescu, Sebastian"]
[Result "0-1"]
[WhiteElo "1928"]
[BlackElo "2232"]
[PlyCount "90"]
[GameId "2160767911077849"]
[EventDate "2004.08.20"]
[EventType "swiss"]
[EventRounds "11"]
[EventCountry "CAN"]

1. d4 Nf6 2. Nf3 g6 3. g3 Bg7 4. Bg2 O-O 5. O-O d6 6. Bg5 Ne4 7. Nc3 Nxg5 8. Nxg5 Nd7 9. e4 c5 10. d5 Qa5 11. Qe1 b5 12. a3 Ne5 13. Nd1 b4 14. Ne3 h6 15. Nf3 Qb5 16. axb4 cxb4 17. Nd4 Qb6 18. Qd1 a5 19. Re1 Bg4 20. Nxg4 Nxg4 21. c3 Ne5 22. Qe2 Rfc8 23. Rec1 a4 24. Bh3 Rc7 25. Nb5 Rc5 26. Bf1 Nc4 27. cxb4 Rxb5 28. Rxc4 Rxb4 29. Rxb4 Qxb4 30. Qb5 Qxb2 31. Rxa4 Rxa4 32. Qxa4 Bd4 33. Be2 Qb1+ 34. Bf1 Qxe4 35. Qa8+ Kg7 36. Qa2 h5 37. Qc4 h4 38. Qb3 Kf6 39. Qc4 g5 40. Qc8 hxg3 41. hxg3 Kg7 42. Qc4 Qe5 43. Qb3 g4 44. Qd1 Qxg3+ 45. Kh1 Qh4+ 0-1

[Event "CAN-ch"]
[Site "Toronto CAN"]
[Date "2004.08.21"]
[Round "2"]
[White "Day, Lawrence"]
[Black "Tessier, Olivier"]
[Result "1-0"]
[WhiteElo "2266"]
[BlackElo "2141"]
[PlyCount "49"]
[GameId "2160767911077852"]
[EventDate "2004.08.20"]
[EventType "swiss"]
[EventRounds "11"]
[EventCountry "CAN"]
[SourceTitle "CBM 101 Extra"]
[Source "ChessBase"]
[SourceDate "2004.09.01"]
[SourceVersion "2"]
[SourceVersionDate "2004.09.01"]
[SourceQuality "1"]

1. Nf3 b5 2. c3 Na6 3. e4 Rb8 4. d4 d5 5. Ne5 Rb6 6. a4 Bb7 7. Bxb5+ c6 8. Bd3 dxe4 9. Bc4 e6 10. a5 Rb5 11. Bxb5 cxb5 12. Qe2 Qd5 13. f3 f5 14. fxe4 fxe4 15. O-O Ne7 16. Be3 Nc7 17. Nd2 g6 18. Nf7 Rg8 19. Ng5 Nf5 20. Ngxe4 Be7 21. Bf4 e5 22. Bxe5 Ne6 23. a6 Bc6 24. Rae1 h5 25. b3 1-0

[Event "CAN-ch"]
[Site "Toronto CAN"]
[Date "2004.08.21"]
[Round "2"]
[White "Gardner, Robert"]
[Black "Peng, David Yu"]
[Result "0-1"]
[WhiteElo "2186"]
[BlackElo "2038"]
[PlyCount "70"]
[GameId "2160767911077853"]
[EventDate "2004.08.20"]
[EventType "swiss"]
[EventRounds "11"]
[EventCountry "CAN"]
[SourceTitle "CBM 101 Extra"]
[Source "ChessBase"]
[SourceDate "2004.09.01"]
[SourceVersion "2"]
[SourceVersionDate "2004.09.01"]
[SourceQuality "1"]

1. e4 g6 2. d4 Bg7 3. Nc3 d6 4. h3 Nf6 5. g4 h6 6. Be3 c6 7. Bd3 Nbd7 8. f4 b5 9. e5 dxe5 10. fxe5 Nd5 11. Nxd5 cxd5 12. e6 fxe6 13. Bxg6+ Kf8 14. Qf3+ Bf6 15. Ne2 Kg7 16. Nf4 Qa5+ 17. Bd2 Qb6 18. O-O-O Bxd4 19. Ba5 Ne5 20. Qa3 Qc5 21. Bb4 Qb6 22. Rxd4 Qxd4 23. Ne2 Qc4 24. Bc3 Qxe2 25. Qxe7+ Kxg6 26. h4 h5 27. Qg5+ Kf7 28. Bxe5 Rh7 29. gxh5 Qxh5 30. Rf1+ Ke8 31. Qg8+ Kd7 32. Bg7 Bb7 33. Bf8 Re8 34. Qg3 Rxf8 35. Rxf8 Qh6+ 0-1

[Event "CAN-ch"]
[Site "Toronto CAN"]
[Date "2004.08.21"]
[Round "2"]
[White "Yoos, John"]
[Black "Smith, Hazel"]
[Result "1-0"]
[WhiteElo "2405"]
[BlackElo "2043"]
[PlyCount "63"]
[GameId "2160767911077856"]
[EventDate "2004.08.20"]
[EventType "swiss"]
[EventRounds "11"]
[EventCountry "CAN"]
[SourceTitle "CBM 101 Extra"]
[Source "ChessBase"]
[SourceDate "2004.09.01"]
[SourceVersion "2"]
[SourceVersionDate "2004.09.01"]
[SourceQuality "1"]

1. e4 e6 2. d4 d5 3. e5 c5 4. c3 Qa5 5. a3 cxd4 6. b4 Qb6 7. cxd4 Nc6 8. Nf3 Bd7 9. Nc3 Rc8 10. Na4 Qc7 11. Be2 Nge7 12. O-O Nf5 13. Bb2 Be7 14. Rc1 a6 15. Bd3 O-O 16. Nc5 f6 17. Bxf5 exf5 18. Qb3 Bxc5 19. Qxd5+ Kh8 20. Rxc5 Be8 21. e6 Qf4 22. Qb3 Bg6 23. d5 Ne5 24. Nxe5 fxe5 25. d6 Rg8 26. Rxc8 Rxc8 27. d7 Rd8 28. Qd5 Qg5 29. Bxe5 Qe7 30. Bc7 h6 31. Bxd8 Qxd8 32. e7 1-0

[Event "CAN-ch"]
[Site "Toronto CAN"]
[Date "2004.08.21"]
[Round "2.1"]
[White "Stevens, Christian"]
[Black "Spraggett, Kevin"]
[Result "1/2-1/2"]
[WhiteElo "2320"]
[BlackElo "2630"]
[PlyCount "46"]
[GameId "2160767911077857"]
[EventDate "2004.08.20"]
[EventType "swiss"]
[EventRounds "11"]
[EventCountry "CAN"]

1. e4 c5 2. Nf3 e6 3. d4 cxd4 4. Nxd4 a6 5. c4 Nf6 6. Nc3 Qc7 7. a3 b6 8. Be3 Bb7 9. f3 Nc6 10. Be2 Ne5 11. O-O Be7 12. Qd2 O-O 13. Rfc1 Ng6 14. Kh1 Rab8 15. Rc2 h5 16. b4 h4 17. Bf1 Nh5 18. c5 bxc5 19. Na4 Qe5 20. Nxc5 Rfd8 21. Re1 Qf6 22. Rec1 Qe5 23. Re1 Qf6 1/2-1/2

[Event "CAN-ch"]
[Site "Toronto CAN"]
[Date "2004.08.21"]
[Round "2.2"]
[White "Tyomkin, Dimitri"]
[Black "Noritsyn, Nikolay"]
[Result "1-0"]
[WhiteElo "2550"]
[BlackElo "2323"]
[PlyCount "67"]
[GameId "2160767911077858"]
[EventDate "2004.08.20"]
[EventType "swiss"]
[EventRounds "11"]
[EventCountry "CAN"]

1. e4 e5 2. Nf3 Nc6 3. Bc4 Bc5 4. O-O Nf6 5. d4 Nxd4 6. Nxe5 Ne6 7. Bxe6 fxe6 8. Nd3 Be7 9. e5 Nd5 10. Qh5+ g6 11. Qf3 d6 12. Bh6 Bd7 13. Qh3 Rg8 14. Nd2 Bg5 15. Ne4 Bxh6 16. Qxh6 Qe7 17. c4 Nb6 18. Nf6+ Kf7 19. Nxg8 Kxg8 20. b3 Rf8 21. exd6 cxd6 22. Qe3 Rf5 23. a4 Rh5 24. Rfe1 e5 25. a5 Nc8 26. Nf4 Rf5 27. Nd5 Qf8 28. Rad1 Bc6 29. Nb4 Be8 30. c5 dxc5 31. Rd8 Ne7 32. Qxc5 e4 33. Qc4+ Kh8 34. Qxe4 1-0

[Event "CAN-ch"]
[Site "Toronto CAN"]
[Date "2004.08.21"]
[Round "2.3"]
[White "Djerkovic, Miladin"]
[Black "Zugic, Igor"]
[Result "1/2-1/2"]
[WhiteElo "2270"]
[BlackElo "2522"]
[PlyCount "25"]
[GameId "2160767911077859"]
[EventDate "2004.08.20"]
[EventType "swiss"]
[EventRounds "11"]
[EventCountry "CAN"]

1. e4 c5 2. Nc3 Nc6 3. Nf3 e5 4. Bc4 d6 5. d3 Be7 6. Nd2 Bg5 7. h4 Bxd2+ 8. Bxd2 Nf6 9. Bg5 Be6 10. Nd5 Bxd5 11. Bxd5 h6 12. Bxc6+ bxc6 13. Bd2 1/2-1/2

[Event "CAN-ch"]
[Site "Toronto CAN"]
[Date "2004.08.21"]
[Round "2.5"]
[White "Voskanyan, Vahagn"]
[Black "Bluvshtein, Mark"]
[Result "0-1"]
[WhiteElo "2264"]
[BlackElo "2520"]
[PlyCount "110"]
[GameId "2160767911077860"]
[EventDate "2004.08.20"]
[EventType "swiss"]
[EventRounds "11"]
[EventCountry "CAN"]

1. e4 c5 2. Nf3 d6 3. d4 cxd4 4. Nxd4 Nf6 5. Nc3 Nc6 6. Be2 e5 7. Nb3 h6 8. O-O Be7 9. f4 exf4 10. Bxf4 Be6 11. Kh1 d5 12. exd5 Nxd5 13. Nxd5 Qxd5 14. Qxd5 Bxd5 15. Rad1 O-O-O 16. Bg4+ Be6 17. Bxe6+ fxe6 18. g3 Rhf8 19. Kg2 Rxd1 20. Rxd1 Rf5 21. c3 Rb5 22. Rd2 a5 23. Nc1 a4 24. Nd3 Rd5 25. Nf2 a3 26. bxa3 Ra5 27. Ne4 e5 28. Be3 Rxa3 29. Kf3 Na5 30. h4 Nc4 31. Rc2 Kd7 32. Bc5 Ra5 33. Bb4 Rb5 34. Bxe7 Kxe7 35. Re2 Rd5 36. Kg4 Ke6 37. Kh5 Kf5 38. g4+ Kf4 39. g5 Kf3 40. Re1 Ne3 41. gxh6 gxh6 42. Nf6 Rd6 43. Ng8 Ng2 44. Rf1+ Kg3 45. Rf6 Rd8 46. Nxh6 Nxh4 47. Rf7 e4 48. Rg7+ Kh3 49. Nf7 Rd5+ 50. Rg5 Rd7 51. Rg7 Rd5+ 52. Rg5 Nf5 53. Kg6 e3 54. Rg1 Nh4+ 55. Kf6 Nf3 0-1